Traffic data computation method : pocket guide.

Bibliographic Details
Format: Government Document eBook
Language:English
Published: Washington, D.C. : U.S. Department of Transportation, Federal Highway Administration, Office of Highway Policy Information, 2018.
Subjects:
Online Access:https://purl.fdlp.gov/GPO/gpo112509

MARC

Tag First Indicator Second Indicator Subfields
LEADER 00000cam a2200000 i 4500
001 in00004052213
005 20190718161946.0
006 m o d f
007 cr |||||||||||
008 181206s2018 dcua ob f001 0 eng c
035 |a (OCoLC)on1078150792 
040 |a GPO  |b eng  |e rda  |e pn  |c GPO  |d MvI  |d UtOrBLW 
042 |a pcc 
043 |a n-us--- 
049 |a WWW 
074 |a 0982-G-98 (online) 
086 0 |a TD 2.30/5:18-027 
088 |a FHWA-PL-18-027 
245 0 0 |a Traffic data computation method :  |b pocket guide. 
264 1 |a Washington, D.C. :  |b U.S. Department of Transportation, Federal Highway Administration, Office of Highway Policy Information,  |c 2018. 
300 |a 1 online resource (viii, 105 pages) :  |b illustrations 
336 |a text  |b txt  |2 rdacontent 
337 |a computer  |b c  |2 rdamedia 
338 |a online resource  |b cr  |2 rdacarrier 
500 |a "Publication Number FHWA-PL-18-027." 
500 |a "August 2018." 
504 |a Includes bibliographical references (pages 2) and index. 
588 |a Description based on online resource, PDF version; title from cover (FHWA, viewed December 4, 2018). 
650 0 |a Traffic monitoring  |z United States  |x Data processing. 
650 0 |a Traffic flow  |z United States  |x Measurement  |x Data processing. 
650 0 |a Highway capacity  |z United States  |x Data processing. 
710 1 |a United States.  |b Federal Highway Administration.  |b Office of Highway Policy Information,  |e issuing body.  |0 http://id.loc.gov/authorities/names/n99055111 
776 0 8 |i Print version:  |t Traffic data computation method  |w (OCoLC)1078150868 
856 4 0 |u https://purl.fdlp.gov/GPO/gpo112509  |t 0 
999 f f |s f74e449d-ddab-32f2-823d-171dd844c761  |i 71264b83-0716-3783-8a93-1163590b51aa  |t 0 
952 f f |a Texas A&M University  |b College Station  |c Electronic Resources  |d Available Online  |t 0  |e TD 2.30/5:18-027  |h Superintendent of Documents classification 
998 f f |a TD 2.30/5:18-027  |t 0  |l Available Online